| 000 | 00938nam a2200265Ia 4500 | ||
|---|---|---|---|
| 003 | OSt | ||
| 005 | 20220923211252.0 | ||
| 006 | a|||||r|||| 00| 0 | ||
| 007 | ta | ||
| 008 | 220922b |||||||| |||| 00| 0 pan d | ||
| 020 |
_a9788178835600 (hbk) _c150 |
||
| 024 | _a349,540 | ||
| 037 |
_b176, 15/02/2019, National Book Shop _cTextual |
||
| 040 |
_aARTS _cARTS _bpan |
||
| 041 |
_2pan _apan |
||
| 082 | _aO42,1x, 153P9 | ||
| 100 |
_aਸੋਢੀ, ਪਰਮਿੰਦਰ, ਂਚ. _9156313 |
||
| 245 | 0 | _aਜਾਪਾਨੀ ਹਾਇਕੂ Fਾਇਰੀ | |
| 260 |
_aਲੁਧਿਆਨਾ _b ਚੇਤਨਾ ਪ੍ਰਕਾFਨ _c2009 |
||
| 300 |
_a168ਪ੍ਰ0 _ccm. |
||
| 650 | _a ਜੈਪਨੀਸ ਕਾਵਿ | ||
| 650 | _aਜੈਪਨੀਸ ਸਾਹਿਤ | ||
| 942 |
_hO42,1x, 153P9 _cTEXL _2CC |
||
| 999 |
_c297990 _d297990 |
||